[Event "Solingen-ch 2017"]
[Site "Solingen"]
[Date "2017.11.17"]
[Round "5.15"]
[White "Fränzel, Dr. Marius"]
[Black "Beyer, Fabian"]
[Result "0-1"]
[WhiteElo "1787"]
[BlackElo "1941"]
[PlyCount "92"]
[EventDate "2017.??.??"]
[EventCountry "GER"]
[WhiteTeam "SG Solingen"]
[BlackTeam "SG Solingen"]

1. e4 c5 2. c3 d5 3. exd5 Qxd5 4. d4 Nf6 5. Nf3 Nc6 6. Be2 cxd4 7. cxd4 e6 8.
O-O Be7 9. Nc3 Qd6 10. Nb5 Qd8 11. Bf4 Nd5 12. Bg3 a6 13. Nc3 O-O 14. a3 b5 15.
Rc1 Nxc3 16. Rxc3 Bb7 17. b4 Bf6 18. Rd3 Ne7 19. Nd2 Nf5 20. Be5 Bd5 21. Bf3
Be7 22. Bxd5 Qxd5 23. Nf3 Rac8 24. Re1 Nd6 25. Qe2 Rc7 26. h4 Rfc8 27. Ng5 Bxg5
28. hxg5 Rc2 29. Qh5 R8c3 30. Ree3 Rxd3 31. Rxd3 g6 32. Qg4 Nf5 33. Rh3 Rc1+
34. Kh2 Re1 35. Bf6 h5 36. gxh6 Kh7 37. Qf4 Qd6 38. Be5 Qe7 39. g4 Qb7 40. f3
Qc6 41. gxf5 Qc2+ 42. Kg3 Rg1+ 43. Kh4 g5+ 44. Qxg5 Rxg5 45. Kxg5 Qxf5+ 46. Kh4
f6 0-1

[Event "Solingen-ch 2017"]
[Site "Solingen"]
[Date "2017.11.17"]
[Round "5.16"]
[White "Falge, Rainer"]
[Black "Foitzik, Peter"]
[Result "1-0"]
[WhiteElo "1763"]
[BlackElo "1624"]
[PlyCount "98"]
[EventDate "2017.??.??"]
[EventCountry "GER"]
[WhiteTeam "SG Solingen"]
[BlackTeam "Godesberger SK"]

1. e4 e6 2. Bc4 c5 3. Nc3 Nc6 4. Nf3 a6 5. a4 Nge7 6. O-O Ng6 7. Re1 Qc7 8. d3
Be7 9. Ne2 O-O 10. c3 e5 11. Ng3 d6 12. Qe2 Be6 13. Ba2 Bxa2 14. Rxa2 b5 15. b3
b4 16. c4 Qd7 17. Nf5 Bf6 18. Bg5 Bxg5 19. Nxg5 Nd4 20. Nxd4 cxd4 21. Nh3 f5
22. Rf1 h6 23. f3 f4 24. Qe1 a5 25. Kh1 Rf6 26. Ng1 Kf7 27. g3 Rh8 28. Rg2 h5
29. g4 h4 30. Nh3 Ke8 31. Rc2 Qe7 32. Qc1 Kd7 33. c5 Rc8 34. c6+ Kc7 35. Rff2
Qe6 36. Rc4 Ne7 37. Rfc2 d5 38. exd5 Qxd5 39. Ng5 Rxc6 40. Rc5 Qd7 41. Nf7 Rxc5
42. Rxc5+ Kb6 43. Rxc8 Nxc8 44. Nxe5 Qb7 45. Qxf4 Qd5 46. Nc4+ Ka6 47. Qe4 Nb6
48. Kg2 Qd8 49. Qc6 Qa8 1-0

[Event "Solingen-ch 2017"]
[Site "Solingen"]
[Date "2017.11.17"]
[Round "5.17"]
[White "Ipekyilmaz, Tayfun"]
[Black "Zimdars, Wolfgang"]
[Result "1/2-1/2"]
[WhiteElo "1739"]
[BlackElo "1626"]
[PlyCount "40"]
[EventDate "2017.??.??"]
[EventCountry "GER"]
[WhiteTeam "Langenfelder SF"]
[BlackTeam "SG Solingen"]

1. e4 c6 2. d4 d5 3. e5 Bf5 4. Nf3 e6 5. Nc3 Nd7 6. Be2 Bb4 7. O-O Ne7 8. Bd3
Bxc3 9. bxc3 Nb6 10. Nh4 Bxd3 11. cxd3 Ng6 12. Nxg6 hxg6 13. Qg4 Qh4 14. Qxh4
Rxh4 15. Bg5 Rh5 16. h4 Nd7 17. g3 f6 18. exf6 gxf6 19. Bf4 Kf7 20. Rab1 Nb6
1/2-1/2

[Event "Solingen-ch 2017"]
[Site "Solingen"]
[Date "2017.11.17"]
[Round "5.18"]
[White "Skiber, Friedel"]
[Black "Ipekyilmaz, Mert"]
[Result "1/2-1/2"]
[WhiteElo "1730"]
[BlackElo "1635"]
[PlyCount "96"]
[EventDate "2017.??.??"]
[EventCountry "GER"]
[WhiteTeam "SG Solingen"]
[BlackTeam "Langenfelder SF"]

1. e4 e6 2. d4 d5 3. Nc3 Bb4 4. exd5 Qxd5 5. a3 Bxc3+ 6. bxc3 Nc6 7. Nf3 Nf6 8.
c4 Qd6 9. a4 Qd8 10. Ba3 Bd7 11. Bd3 Ne7 12. O-O O-O 13. Re1 Re8 14. Ne5 Ng6
15. Bb2 Nf4 16. Bf1 Bc6 17. Nxc6 bxc6 18. Qf3 Rb8 19. Bc3 Ng6 20. Qxc6 Qd6 21.
Qf3 Ne7 22. Re5 Nc6 23. Rg5 Kh8 24. c5 Qd7 25. d5 Nxd5 26. Bxg7+ Kg8 27. Qg3
Nde7 28. Qc3 Ng6 29. Bh6 Qd4 30. Qe1 Nce7 31. c3 Qh4 32. Rxg6+ Nxg6 33. Qe3
Rbd8 34. Bg5 Qg4 35. Bxd8 Rxd8 36. Be2 Qf4 37. Qh3 Rd2 38. Bb5 Qxf2+ 39. Kh1
Qxc5 40. Rf1 Rf2 41. Rd1 Qf5 42. Qh6 Qf6 43. Ba6 Rxg2 44. Rb1 Qd8 45. Kxg2 Qd5+
46. Kg1 Qc5+ 47. Kg2 Qd5+ 48. Kg1 Qc5+ 1/2-1/2

[Event "Solingen-ch 2017"]
[Site "Solingen"]
[Date "2017.11.17"]
[Round "5.19"]
[White "Schubert, Stefan"]
[Black "Gropp, Justus"]
[Result "1-0"]
[WhiteElo "1641"]
[BlackElo "1206"]
[PlyCount "21"]
[EventDate "2017.??.??"]
[EventCountry "GER"]
[WhiteTeam "SG Solingen"]
[BlackTeam "Langenfelder SF"]

1. d4 d5 2. Bf4 Nf6 3. Nf3 e6 4. e3 Be7 5. Bd3 Nbd7 6. Ne5 b6 7. Nc6 Bb7 8.
Nxd8 Bxd8 9. Nc3 c5 10. Nb5 Be7 11. Nc7+ 1-0

[Event "Solingen-ch 2017"]
[Site "Solingen"]
[Date "2017.11.17"]
[Round "5.20"]
[White "Fodor, Bernhard"]
[Black "Schubert, Florian"]
[Result "1-0"]
[WhiteElo "1291"]
[BlackElo "1297"]
[PlyCount "61"]
[EventDate "2017.??.??"]
[EventCountry "GER"]
[WhiteTeam "SG Solingen"]
[BlackTeam "SG Solingen"]

1. f4 Nf6 2. d3 Nc6 3. Nf3 d6 4. Nc3 e5 5. e4 Bg4 6. Be2 d5 7. Nxe5 Nxe5 8.
fxe5 d4 9. exf6 Bxe2 10. fxg7 Bxg7 11. Nxe2 Qh4+ 12. g3 Qg4 13. Bf4 O-O-O 14.
Qd2 Rde8 15. O-O-O f5 16. h3 Qf3 17. Rhf1 Qg2 18. Qa5 b6 19. Qxf5+ Kb8 20. Rf2
Qxf2 21. Bxc7+ Kxc7 22. Qxf2 Rhf8 23. Qg2 Bh6+ 24. Kb1 Be3 25. Nf4 Kd6 26. Rf1
Re7 27. Nd5 Ref7 28. Rxf7 Rxf7 29. Nf4 Rg7 30. Qf3 h5 31. Nxh5 1-0

[Event "Solingen-ch 2017"]
[Site "Solingen"]
[Date "2017.12.01"]
[Round "6.1"]
[White "Schneider, Bernd"]
[Black "Lemanczyk, Thomas"]
[Result "1/2-1/2"]
[WhiteElo "2372"]
[BlackElo "2244"]
[PlyCount "21"]
[EventDate "2017.??.??"]
[WhiteTeam "Bochumer SV"]
[BlackTeam "SG Solingen"]

1. d4 d5 2. Bg5 h6 3. Bh4 c6 4. c3 Bf5 5. Nd2 Nd7 6. e3 Qb6 7. Qb3 e5 8. Bg3
exd4 9. exd4 Ngf6 10. O-O-O O-O-O 11. h3 1/2-1/2

[Event "Solingen-ch 2017"]
[Site "Solingen"]
[Date "2017.12.01"]
[Round "6.2"]
[White "Speck, Stefan"]
[Black "Kniest, Oliver"]
[Result "0-1"]
[WhiteElo "2006"]
[BlackElo "2300"]
[PlyCount "82"]
[EventDate "2017.??.??"]
[WhiteTeam "SC Solingen 28"]
[BlackTeam "SG Solingen"]

1. e4 c6 2. d4 d5 3. Nc3 dxe4 4. Nxe4 Bf5 5. Ng3 Bg6 6. N1e2 e6 7. Nf4 Bd6 8.
Nfh5 Nf6 9. Nxf6+ Qxf6 10. Be3 Qe7 11. Bd3 Nd7 12. Qd2 O-O-O 13. O-O-O Nb6 14.
Ne4 Bc7 15. Nc5 Nd5 16. Rhe1 Nxe3 17. fxe3 Bxh2 18. Qa5 Kb8 19. Kb1 Bd6 20. b4
Qc7 21. Qa4 e5 22. Rf1 Bxc5 23. bxc5 exd4 24. exd4 Rhe8 25. Qc4 f6 26. Bxg6
hxg6 27. Qd3 g5 28. Rfe1 Qf4 29. c3 Qf2 30. Rxe8 Rxe8 31. Rd2 Qe1+ 32. Rd1 Qe2
33. Qg3+ Kc8 34. Rh1 Qe4+ 35. Kb2 Qf4 36. Qd3 Qf2+ 37. Ka3 Qxg2 38. Qf5+ Kb8
39. Qd7 Qe4 40. Rb1 b5 41. d5 Qa4+ 0-1

[Event "Solingen-ch 2017"]
[Site "Solingen"]
[Date "2017.12.01"]
[Round "6.3"]
[White "Zolfagharian, Kevin"]
[Black "Oler, Gürkan"]
[Result "1-0"]
[WhiteElo "2156"]
[BlackElo "1879"]
[PlyCount "119"]
[EventDate "2017.??.??"]
[WhiteTeam "SG Solingen"]
[BlackTeam "SC Erkrath"]

1. e4 d6 2. d4 Nf6 3. Nc3 Nbd7 4. Nf3 e5 5. Bc4 Be7 6. O-O c6 7. a4 a5 8. Qe2
Qc7 9. h3 h6 10. Rd1 Nf8 11. Ba2 g5 12. Qc4 Ne6 13. d5 cxd5 14. Nxd5 Nxd5 15.
Qxd5 Bd7 16. Bc4 Bc6 17. Bb5 Kf8 18. Bxc6 bxc6 19. Qc4 Rb8 20. c3 h5 21. g3 g4
22. hxg4 hxg4 23. Nh2 Kg7 24. Nxg4 Rh7 25. Ne3 Rbh8 26. Kf1 Qb6 27. Ke2 Rh2 28.
b4 axb4 29. Nf5+ Kf8 30. Be3 c5 31. cxb4 Nd4+ 32. Bxd4 exd4 33. Rab1 d3+ 34.
Qxd3 cxb4 35. Ne3 R8h5 36. Qd4 Qa6+ 37. Qc4 Qxa4 38. Rxb4 Qa7 39. Rdb1 Rc5 40.
Qd4 f6 41. Rb7 Qa6+ 42. Kf3 Qa2 43. Qb2 Qf7 44. Rb8+ Kg7 45. Nf5+ Rxf5+ 46.
exf5 Qh5+ 47. Ke3 Qg5+ 48. Kd4 Qg4+ 49. Kd5 Qxf5+ 50. Kc6 Rxf2 51. Qb5 Rc2+ 52.
Kb7 Qf3+ 53. Ka6 Ra2+ 54. Kb6 Qe3+ 55. Kc7 d5 56. Qxd5 Ra7+ 57. R1b7 Qxg3+ 58.
Kc8 Qc3+ 59. Kd7 Rxb7+ 60. Rxb7 {Zeitüberschreitung} 1-0

[Event "Solingen-ch 2017"]
[Site "Solingen"]
[Date "2017.12.01"]
[Round "6.5"]
[White "Riesen, Peter"]
[Black "Schockenbäumer, Dirk"]
[Result "1/2-1/2"]
[WhiteElo "1801"]
[BlackElo "2155"]
[PlyCount "119"]
[EventDate "2017.??.??"]
[WhiteTeam "Klub Kölner SF"]
[BlackTeam "SG Solingen"]

1. e4 e5 2. Nf3 Nc6 3. Bc4 Nf6 4. Ng5 d5 5. exd5 Na5 6. Bb5+ c6 7. dxc6 bxc6 8.
Be2 h6 9. Nf3 e4 10. Ne5 Bd6 11. d4 exd3 12. Nxd3 O-O 13. Nc3 Qc7 14. h3 Re8
15. b3 Bf5 16. Be3 Rad8 17. Qc1 Nb7 18. O-O Qa5 19. Bd2 Ba3 20. Qd1 Qc7 21. Re1
Nc5 22. Bf4 Qa5 23. Bd2 Nxd3 24. Bxd3 Bxd3 25. Rxe8+ Nxe8 26. cxd3 Qa6 27. Qc2
Qxd3 28. Qxd3 Rxd3 29. Re1 Rxd2 30. Rxe8+ Kh7 31. Re2 Rxe2 32. Nxe2 Bb2 33. f4
f5 34. Kf2 Kg6 35. g4 Kf6 36. Ke3 g5 37. fxg5+ Kxg5 38. gxf5 Kxf5 39. Nd4+
Bxd4+ 40. Kxd4 Kf4 41. Kc5 Kg3 42. Kxc6 Kxh3 43. Kb7 Kg2 44. Kxa7 h5 45. b4 h4
46. b5 h3 47. b6 h2 48. b7 h1=Q 49. b8=Q Qd1 50. Qb3 Qd4+ 51. Ka6 Qd6+ 52. Kb5
Qb8+ 53. Kc4 Qc7+ 54. Kd3 Qg3+ 55. Kc2 Qf2+ 56. Kc3 Qf6+ 57. Kc2 Qf2+ 58. Kc1
Qe1+ 59. Qd1 Qxd1+ 60. Kxd1 1/2-1/2

[Event "Solingen-ch 2017"]
[Site "Solingen"]
[Date "2017.12.01"]
[Round "6.7"]
[White "Görke, Joachim"]
[Black "Erkay, Necip-Ali"]
[Result "1-0"]
[WhiteElo "2115"]
[BlackElo "1955"]
[PlyCount "55"]
[EventDate "2017.??.??"]
[WhiteTeam "SG Solingen"]
[BlackTeam "SG Solingen"]

1. e4 Nf6 2. d3 e5 3. Nc3 d5 4. Bg5 d4 5. Nd5 Nbd7 6. Be2 c6 7. Nxf6+ Nxf6 8.
Nf3 Bb4+ 9. Nd2 O-O 10. O-O Be7 11. Nc4 Nd7 12. Bd2 b5 13. Na3 Nb6 14. f4 b4
15. Nc4 Nxc4 16. dxc4 exf4 17. Bd3 c5 18. Bxf4 f5 19. Qe2 g5 20. Be5 f4 21. g3
Bh3 22. gxf4 Bxf1 23. Rxf1 Qe8 24. f5 Bd8 25. Bg3 a5 26. e5 Ra6 27. Qe4 Rh6 28.
Qd5+ 1-0

[Event "Solingen-ch 2017"]
[Site "Solingen"]
[Date "2017.12.01"]
[Round "6.8"]
[White "Boschek, Dr. Hans-Joachim"]
[Black "Kesseler, Heiko"]
[Result "1-0"]
[WhiteElo "1915"]
[BlackElo "2096"]
[PlyCount "69"]
[EventDate "2017.??.??"]
[WhiteTeam "SG Solingen"]
[BlackTeam "Düsseldorfer SK"]

1. e4 c5 2. Nf3 e6 3. d4 cxd4 4. Nxd4 a6 5. Bd3 Qc7 6. O-O Nf6 7. Qe2 Bd6 8.
Kh1 O-O 9. f4 Bc5 10. Nf3 d5 11. e5 Ne4 12. Bxe4 dxe4 13. Qxe4 b5 14. Ng5 g6
15. Qe1 Bb7 16. Nc3 Be7 17. Qh4 h5 18. Qg3 Qc6 19. Be3 Bxg5 20. Qxg5 b4 21. Ne2
Qe4 22. Qg3 Qxc2 23. Nd4 Qxb2 24. Rad1 h4 25. Qh3 Qc3 26. f5 exf5 27. Nxf5 Qxe5
28. Bd4 Qe4 29. Nxh4 Bc8 30. Nf5 f6 31. Qh6 Bxf5 32. Bxf6 Rxf6 33. Rd8+ Kf7 34.
Qf8+ Ke6 35. Rd6+ 1-0

[Event "Solingen-ch 2017"]
[Site "Solingen"]
[Date "2017.12.01"]
[Round "6.9"]
[White "Große-Hering, Peter"]
[Black "Borchert, Stephan"]
[Result "1-0"]
[WhiteElo "1957"]
[BlackElo "1914"]
[PlyCount "83"]
[EventDate "2017.??.??"]
[WhiteTeam "SV Horst-Emscher"]
[BlackTeam "SG Solingen"]

1. e4 e5 2. Nf3 Nc6 3. Bc4 Bc5 4. c3 Nf6 5. d3 d6 6. Bb3 a5 7. h3 h6 8. Nbd2 b5
9. Qe2 a4 10. Bc2 Ba6 11. Nf1 Qe7 12. g4 Nd7 13. h4 Nb6 14. h5 f6 15. Nh4 Qf7
16. Ng6 Rg8 17. b4 Bxb4 18. cxb4 Nxb4 19. Be3 c5 20. a3 Nc6 21. Bb1 Na5 22. Ba2
Nb3 23. Nd2 Nd7 24. Rb1 c4 25. O-O d5 26. exd5 Bb7 27. dxc4 bxc4 28. Nxc4 Qxd5
29. f3 Ba6 30. Rxb3 axb3 31. Bxb3 Rc8 32. Rc1 Nc5 33. Nf4 Nxb3 34. Nxd5 Nxc1
35. Nd6+ Kd7 36. Qxa6 Rc6 37. Qxc6+ Kxc6 38. Ne7+ Kxd6 39. Nxg8 Nb3 40. Nxf6
Ke6 41. Ne4 Kd5 42. Kf2 1-0

[Event "Solingen-ch 2017"]
[Site "Solingen"]
[Date "2017.12.01"]
[Round "6.10"]
[White "Beyer, Fabian"]
[Black "Falge, Rainer"]
[Result "1-0"]
[WhiteElo "1941"]
[BlackElo "1763"]
[PlyCount "67"]
[EventDate "2017.??.??"]
[WhiteTeam "SG Solingen"]
[BlackTeam "SG Solingen"]

1. d4 d6 2. Nf3 Nf6 3. c4 g6 4. Nc3 Bg7 5. e4 c6 6. Be2 O-O 7. O-O Qc7 8. h3
Nbd7 9. Be3 a6 10. a4 Re8 11. Qc2 h6 12. b4 e5 13. d5 c5 14. bxc5 Nxc5 15. Nd2
Rb8 16. Nb3 Nfd7 17. Rab1 Nxb3 18. Qxb3 Nc5 19. Qb6 Re7 20. Qxc7 Rxc7 21. Rb6
Bf8 22. Rfb1 f5 23. Bxc5 Rxc5 24. Rxa6 b5 25. Rc6 b4 26. Nb5 Bd7 27. Ra6 Bxb5
28. axb5 fxe4 29. Rxb4 Rb7 30. Bg4 Kf7 31. b6 Kf6 32. Ra7 Rb8 33. b7 Rc7 34.
Ra8 1-0

[Event "Solingen-ch 2017"]
[Site "Solingen"]
[Date "2017.12.01"]
[Round "6.11"]
[White "Nguyen, Gia Huy Philipp"]
[Black "Lux, Andreas"]
[Result "1-0"]
[WhiteElo "1875"]
[BlackElo "1893"]
[PlyCount "103"]
[EventDate "2017.??.??"]
[WhiteTeam "SG Solingen"]
[BlackTeam "vereinslos"]

1. e4 Nc6 2. d4 e5 3. Nf3 exd4 4. Bc4 Bb4+ 5. c3 dxc3 6. O-O Nge7 7. bxc3 Ba5
8. Ng5 d5 9. exd5 Ne5 10. Qa4+ Bd7 11. Qxa5 Nxc4 12. Qb4 Nd6 13. Re1 O-O 14. c4
h6 15. Nf3 b6 16. Bf4 Bf5 17. Nc3 Ng6 18. Bg3 Qf6 19. Nb5 c5 20. dxc6 Ne4 21.
Nc7 Rac8 22. Nd5 Qxc6 23. Ne5 Qc5 24. Nxg6 Bxg6 25. Qxc5 Nxc5 26. Ne7+ Kh7 27.
Nxc8 Rxc8 28. Re7 a6 29. Rc7 Rxc7 30. Bxc7 b5 31. Bd6 Nb7 32. c5 Be4 33. Re1
Bd5 34. a3 Kg6 35. f3 Nxd6 36. cxd6 Be6 37. Rc1 Kf6 38. Rc7 a5 39. Kf2 b4 40.
axb4 axb4 41. Ke3 b3 42. Kd2 g6 43. Kc3 h5 44. Rb7 g5 45. Ra7 g4 46. f4 h4 47.
g3 h3 48. Rb7 Kf5 49. d7 Bxd7 50. Rxd7 Ke4 51. Kxb3 Kf3 52. Rd2 1-0

[Event "Solingen-ch 2017"]
[Site "Solingen"]
[Date "2017.12.01"]
[Round "6.12"]
[White "von Häfen, Dieter"]
[Black "Kaiser, Stephan"]
[Result "1-0"]
[WhiteElo "1630"]
[BlackElo "1811"]
[PlyCount "95"]
[EventDate "2017.??.??"]
[WhiteTeam "SV Hennef"]
[BlackTeam "SG Solingen"]

1. e4 c5 2. Nf3 Nc6 3. Bc4 e6 4. c3 d5 5. exd5 exd5 6. Qe2+ Be6 7. Bb5 Nf6 8.
O-O Bd6 9. Ng5 Qd7 10. Re1 O-O 11. Nxe6 Rfe8 12. d4 Rxe6 13. Qf1 Rae8 14. Rxe6
Rxe6 15. Be3 Qe7 16. h3 cxd4 17. cxd4 Nxd4 18. Nc3 Nc2 19. Rc1 Nxe3 20. fxe3
Bc5 21. Kh1 Bxe3 22. Nxd5 Qd8 23. Nxe3 Rxe3 24. Qf2 Re5 25. Bc4 b6 26. Bb3 h6
27. Qf3 Qe7 28. Qf4 Re2 29. Qd4 Re4 30. Qc3 Nd7 31. Qc8+ Qe8 32. Qxe8+ Rxe8 33.
Rc7 Ne5 34. Rxa7 Kf8 35. Rb7 Rd8 36. Rxb6 Rd2 37. Ba4 Nc4 38. Rb8+ Ke7 39. Rb7+
Kf6 40. Bb3 Nd6 41. Rd7 Ke5 42. Bxf7 Rxb2 43. Bb3 Nf5 44. Rd5+ Kf4 45. Rd3 Ng3+
46. Kh2 Nf1+ 47. Kg1 Ng3 48. Rf3+ 1-0

[Event "Solingen-ch 2017"]
[Site "Solingen"]
[Date "2017.12.01"]
[Round "6.13"]
[White "Alexopoulos, Dr. Spiros"]
[Black "Meckel, Helmut"]
[Result "1-0"]
[WhiteElo "1883"]
[BlackElo "1773"]
[PlyCount "81"]
[EventDate "2017.??.??"]
[WhiteTeam "Aachener SV"]
[BlackTeam "SG Solingen"]

1. e4 e6 2. d4 d5 3. Nc3 Nf6 4. Bg5 Bb4 5. e5 h6 6. Bh4 g5 7. Bg3 Ne4 8. Nge2
c5 9. f3 cxd4 10. fxe4 dxc3 11. bxc3 Ba5 12. exd5 Qxd5 13. Qxd5 exd5 14. O-O-O
Be6 15. Nd4 Nd7 16. Nxe6 fxe6 17. c4 Nb6 18. cxd5 Nxd5 19. Bc4 O-O-O 20. Rhf1
Ne3 21. Bxe6+ Kb8 22. Rxd8+ Rxd8 23. Rf7 Bc7 24. Bd7 Nd5 25. e6 Bxg3 26. hxg3
Kc7 27. c4 Nb6 28. e7 Nxd7 29. exd8=Q+ Kxd8 30. Rh7 Ne5 31. Rxb7 a5 32. Rb5
Nxc4 33. Rc5 Ne3 34. Rxa5 Nxg2 35. Kd2 h5 36. Rxg5 h4 37. gxh4 Nxh4 38. Ke3 Ke7
39. Kf4 Kf6 40. a4 Ng6+ 41. Rxg6+ 1-0

[Event "Solingen-ch 2017"]
[Site "Solingen"]
[Date "2017.12.01"]
[Round "6.14"]
[White "Ehringfeld, Michael"]
[Black "Ipekyilmaz, Tayfun"]
[Result "0-1"]
[WhiteElo "1569"]
[BlackElo "1739"]
[PlyCount "102"]
[EventDate "2017.??.??"]
[WhiteTeam "SG Solingen"]
[BlackTeam "Langenfelder SF"]

1. d4 Nf6 2. Nf3 g6 3. g3 Bg7 4. Bg2 c5 5. c3 cxd4 6. cxd4 O-O 7. O-O d5 8. Nc3
Nc6 9. Re1 Bf5 10. Ne5 Nb4 11. Nd3 Bxd3 12. exd3 Nc6 13. Be3 e6 14. Bg5 Qb6 15.
Be3 Nd7 16. Na4 Qd8 17. Qb3 b6 18. Rac1 Nxd4 19. Bxd4 Bxd4 20. Rc2 Nc5 21. Nxc5
bxc5 22. Qa3 Qb6 23. b3 a5 24. Qa4 Qb4 25. Qxb4 axb4 26. Bf3 Ra3 27. Kg2 Re8
28. Ree2 Kf8 29. h4 Ke7 30. g4 Kd6 31. Kh3 Rf8 32. Bg2 f5 33. g5 e5 34. f3 Rc8
35. Re1 Rc7 36. Rce2 Rca7 37. f4 e4 38. dxe4 dxe4 39. h5 Rxa2 40. hxg6 hxg6 41.
Rxa2 Rxa2 42. Bf1 Rf2 43. Be2 Rxf4 44. Kg3 Ke5 45. Rc1 Rf2 46. Bc4 f4+ 47. Kg4
Rg2+ 48. Kh4 f3 49. Bf1 Rxg5 50. Rxc5+ Bxc5 51. Kxg5 e3 0-1

[Event "Solingen-ch 2017"]
[Site "Solingen"]
[Date "2017.12.01"]
[Round "6.15"]
[White "Rist, Kurt"]
[Black "Falk, Thomas"]
[Result "0-1"]
[WhiteElo "1706"]
[BlackElo "1536"]
[PlyCount "68"]
[EventDate "2017.??.??"]
[WhiteTeam "SG Solingen"]
[BlackTeam "Elberfelder SG"]

1. e4 d5 2. exd5 Qxd5 3. Nc3 Qa5 4. d4 Nf6 5. Bd2 c6 6. Nf3 Bf5 7. b4 Qc7 8.
Bc4 b5 9. Bb3 e6 10. a3 Be7 11. Ne5 Nbd7 12. g4 Be4 13. f3 Bg6 14. Bf4 Bd6 15.
Qe2 O-O 16. h4 h5 17. O-O-O Nd5 18. Bd2 Nxc3 19. Bxc3 Nxe5 20. dxe5 Be7 21.
gxh5 Bxh5 22. Rhg1 Rad8 23. Bd2 a5 24. Qg2 Qxe5 25. Kb1 Bf6 26. c3 axb4 27.
axb4 Qf5+ 28. Bc2 Qxf3 29. Be4 Qxg2 30. Bxg2 Bxd1 31. Rxd1 Bxc3 32. Kc2 Rxd2+
33. Rxd2 Bxd2 34. Kxd2 Rd8+ 0-1

[Event "Solingen-ch 2017"]
[Site "Solingen"]
[Date "2017.12.01"]
[Round "6.16"]
[White "Zimdars, Wolfgang"]
[Black "Schubert, Stefan"]
[Result "1-0"]
[WhiteElo "1626"]
[BlackElo "1641"]
[PlyCount "67"]
[EventDate "2017.??.??"]
[WhiteTeam "SG Solingen"]
[BlackTeam "SG Solingen"]

1. d4 d5 2. Nf3 Bf5 3. e3 e6 4. Nbd2 Nf6 5. Be2 Bd6 6. O-O Nbd7 7. b3 O-O 8.
Bb2 Re8 9. Ne5 c5 10. Ndf3 Ne4 11. Bb5 Re7 12. Nxd7 Rxd7 13. Bxd7 Qxd7 14. Nh4
Qc7 15. Nxf5 exf5 16. dxc5 Be5 17. Bxe5 Qxe5 18. Qd4 Qe6 19. Rad1 Rc8 20. Qxd5
Qxd5 21. Rxd5 Nc3 22. Rd3 Nxa2 23. Rfd1 Kf8 24. Rd8+ Rxd8 25. Rxd8+ Ke7 26. Rb8
b5 27. cxb6 axb6 28. Rxb6 Nc3 29. Rb7+ Kf6 30. Kf1 Ne4 31. Rc7 Ke6 32. b4 g5
33. b5 Nf6 34. Rc6+ 1-0

[Event "Solingen-ch 2017"]
[Site "Solingen"]
[Date "2017.12.01"]
[Round "6.17"]
[White "Littek, Oliver"]
[Black "Skiber, Friedel"]
[Result "1-0"]
[WhiteElo "1595"]
[BlackElo "1730"]
[PlyCount "63"]
[EventDate "2017.??.??"]
[WhiteTeam "SG Solingen"]
[BlackTeam "SG Solingen"]

1. e4 d6 2. Bc4 Nf6 3. Nc3 g6 4. Nf3 Bg7 5. O-O O-O 6. h3 a6 7. d3 b5 8. Bb3
Nc6 9. a3 e5 10. Nd5 Be6 11. Nxf6+ Qxf6 12. Bg5 Qxf3 13. Qxf3 Nd4 14. Qd1 Nxb3
15. cxb3 f6 16. Be3 f5 17. exf5 Rxf5 18. Rc1 Rf7 19. b4 Bd5 20. Qd2 c6 21. Bh6
Bf6 22. f4 Re8 23. f5 e4 24. dxe4 Rxe4 25. Rce1 gxf5 26. Rxe4 Bxe4 27. Qxd6 Re7
28. g4 Kf7 29. Rd1 Be5 30. Qd8 Ke6 31. Bg5 Bf6 32. Qd6+ 1-0

[Event "Solingen-ch 2017"]
[Site "Solingen"]
[Date "2017.11.22"]
[Round "6.18"]
[White "Ipekyilmaz, Mert"]
[Black "Fodor, Bernhard"]
[Result "1-0"]
[WhiteElo "1635"]
[BlackElo "1291"]
[PlyCount "63"]
[EventDate "2017.??.??"]
[WhiteTeam "Langenfelder SF"]
[BlackTeam "SG Solingen"]

1. e4 e5 2. Nf3 h6 3. Bc4 Qe7 4. Nc3 c6 5. O-O d6 6. h3 g5 7. d4 Bg7 8. dxe5
Bxe5 9. Nxe5 Qxe5 10. Qf3 Be6 11. Bxe6 Qxe6 12. Be3 Ne7 13. Rad1 Na6 14. Bd4
Rg8 15. Qf6 Rg6 16. Qxe6 Rxe6 17. Rfe1 O-O-O 18. Bxa7 Kc7 19. Bd4 Nb4 20. Re2
Ng6 21. a3 Na6 22. Re3 Kb8 23. Rf3 Rd7 24. Rf6 Nc7 25. Na4 Rxe4 26. Nb6 Rde7
27. Rxd6 Ne6 28. Be3 Rxe3 29. fxe3 Nc5 30. Nd7+ Nxd7 31. Rxd7 Re8 32. Rxf7 1-0

[Event "Solingen-ch 2017"]
[Site "Solingen"]
[Date "2017.12.15"]
[Round "7.1"]
[White "Kniest, Oliver"]
[Black "Zolfagharian, Kevin"]
[Result "1-0"]
[WhiteElo "2300"]
[BlackElo "2156"]
[PlyCount "51"]
[EventDate "2017.??.??"]
[WhiteTeam "SG Solingen"]
[BlackTeam "SG Solingen"]

1. d4 d5 2. c4 c6 3. Nf3 Nf6 4. e3 Bg4 5. h3 Bxf3 6. Qxf3 e6 7. Nc3 Bd6 8. Bd2
O-O 9. g4 dxc4 10. Bxc4 Nbd7 11. O-O-O Rc8 12. Kb1 c5 13. Bd3 c4 14. Bc2 Qa5
15. e4 e5 16. g5 Ne8 17. Qg4 Qd8 18. dxe5 Nxe5 19. Qe2 f6 20. f4 Ng6 21. gxf6
gxf6 22. Rhg1 Ng7 23. f5 Ne5 24. Bh6 Rf7 25. Qg2 Qf8 26. Bxg7 1-0

[Event "Solingen-ch 2017"]
[Site "Solingen"]
[Date "2017.12.15"]
[Round "7.2"]
[White "Boos, Markus"]
[Black "Schneider, Bernd"]
[Result "0-1"]
[WhiteElo "2185"]
[BlackElo "2372"]
[PlyCount "142"]
[EventDate "2017.??.??"]
[WhiteTeam "SF Vonkeln"]
[BlackTeam "Bochumer SV"]

1. d4 g6 2. c4 Bg7 3. g3 d6 4. Nf3 Nd7 5. Bg2 Ngf6 6. Nc3 O-O 7. O-O e5 8. e4
c6 9. h3 Re8 10. Re1 a6 11. Bg5 b5 12. dxe5 dxe5 13. cxb5 axb5 14. a3 Qe7 15.
Qc2 Bb7 16. Nd2 Nc5 17. Nb3 Nxb3 18. Qxb3 Bc8 19. Qc2 Be6 20. Be3 Rec8 21. Rac1
Nd7 22. Bf1 Qe8 23. Nb1 Rab8 24. Nc3 Bf8 25. f4 f6 26. Qf2 Bb3 27. Kh2 Bd6 28.
f5 Qe7 29. fxg6 hxg6 30. Qf3 Be6 31. Red1 Bc5 32. Rxd7 Bxd7 33. Bxc5 Qxc5 34.
Qxf6 Be8 35. Be2 Rc7 36. Bg4 Qe7 37. Be6+ Kh7 38. Qxe5 Rbb7 39. Rf1 Qg7 40. Qg5
Bf7 41. Bg4 Bc4 42. Rf4 b4 43. axb4 Rxb4 44. Be2 Bxe2 45. Nxe2 Rf7 46. Qh4+ Kg8
47. Qd8+ Rf8 48. Rxf8+ Qxf8 49. Qxf8+ Kxf8 50. Kg2 Rxe4 51. Kf3 Rb4 52. Nf4
Rb3+ 53. Kg4 Kf7 54. h4 Kf6 55. h5 g5 56. Ng2 Rb4+ 57. Kf3 g4+ 58. Ke3 Kg5 59.
Nf4 Rxb2 60. Ke4 Rb3 61. Ne6+ Kxh5 62. Nf4+ Kh6 63. Ne2 Kg5 64. Kd4 Rf3 65. Ke4
Rf8 66. Nc3 Re8+ 67. Kd4 Kf5 68. Kd3 Re1 69. Kd4 Rg1 70. Ne2 Rg2 71. Ke3 Rxe2+
0-1

[Event "Solingen-ch 2017"]
[Site "Solingen"]
[Date "2017.12.15"]
[Round "7.3"]
[White "Lemanczyk, Thomas"]
[Black "Görke, Joachim"]
[Result "0-1"]
[WhiteElo "2244"]
[BlackElo "2115"]
[PlyCount "54"]
[EventDate "2017.??.??"]
[WhiteTeam "SG Solingen"]
[BlackTeam "SG Solingen"]

1. Nf3 d5 2. d4 Nf6 3. c4 e6 4. g3 c6 5. Bg2 Nbd7 6. Qc2 Bd6 7. O-O O-O 8. Rd1
Qe7 9. cxd5 exd5 10. Nh4 Nb6 11. Nc3 Bb4 12. a3 Bxc3 13. bxc3 Re8 14. Re1 Ne4
15. a4 Nc4 16. e3 g5 17. Nf3 Qf6 18. Ra2 Bg4 19. Ne5 Nxe5 20. dxe5 Rxe5 21. c4
Qf5 22. cxd5 cxd5 23. Qc7 Rc8 24. Qxb7 Nc5 25. Qb4 Nd3 26. Qd2 Nxe1 27. Qxe1
Qb1 0-1

[Event "Solingen-ch 2017"]
[Site "Solingen"]
[Date "2017.12.15"]
[Round "7.5"]
[White "Oler, Gürkan"]
[Black "Speck, Stefan"]
[Result "1/2-1/2"]
[WhiteElo "1879"]
[BlackElo "2006"]
[PlyCount "81"]
[EventDate "2017.??.??"]
[WhiteTeam "SC Erkrath"]
[BlackTeam "SC Solingen 28"]

1. d4 d5 2. Nf3 Nf6 3. e3 g6 4. b4 Ne4 5. Bb2 Bg7 6. Nbd2 Nd7 7. Nxe4 dxe4 8.
Nd2 f5 9. Bc4 e5 10. c3 Qe7 11. Qa4 exd4 12. cxd4 c6 13. b5 Nb6 14. Qa3 Nxc4
15. Nxc4 cxb5 16. Nd6+ Kd7 17. Nxb5 Qxa3 18. Bxa3 Bf8 19. O-O a6 20. Bxf8 Rxf8
21. Nc3 b5 22. a4 b4 23. Nd5 Rb8 24. a5 Kc6 25. Nb6 Rxb6 26. axb6 Kxb6 27. Rfc1
Bd7 28. Rc5 Rc8 29. Rxc8 Bxc8 30. Kf1 a5 31. Ke2 Kb5 32. d5 b3 33. Kd2 a4 34.
Kc3 Bd7 35. Rd1 Kc5 36. Rd4 Kd6 37. Kb2 Bb5 38. Ka3 Bd7 39. Rd2 Bb5 40. Rd4 Bd7
41. Rd2 1/2-1/2